Afganský drogový priemysel ako limitujúci faktor postkonfliktnej obnovy krajiny
Gespeichert in:
| 1. Verfasser: | |
|---|---|
| Körperschaft: | |
| Weitere Verfasser: | , |
| Format: | Buch |
| Sprache: | Slowakisch |
| Veröffentlicht: |
Bratislava
Vydavateľstvo EKONÓM
2020
|
| Ausgabe: | 1. vydanie |
| Schlagworte: | |
| Tags: |
Keine Tags, Fügen Sie das erste Tag hinzu!
|
MARC
| LEADER | 00000nam a2200000 4500 | ||
|---|---|---|---|
| 001 | 0270482 | ||
| 005 | 20240502074234.9 | ||
| 020 | |a 978-80-225-4759-8 | ||
| 041 | 0 | |a slo | |
| 044 | |a SK | ||
| 245 | 1 | 0 | |a Afganský drogový priemysel ako limitujúci faktor postkonfliktnej obnovy krajiny |c Ľubomír Čech ; recenzenti: Rastislav Kazanský, Milan Kurucz |
| 250 | |a 1. vydanie | ||
| 264 | 1 | |a Bratislava |b Vydavateľstvo EKONÓM |c 2020 | |
| 300 | |a 91 s. [6,21 AH] | ||
| 610 | 2 | 0 | |a konflikty |
| 610 | 2 | 0 | |a drogy |
| 610 | 2 | 0 | |a politika vnútorná |
| 610 | 2 | 0 | |a hospodárstvo domáce |
| 610 | 2 | 0 | |a obchod nezákonný |
| 610 | 2 | 0 | |a prevencia |
| 610 | 2 | 0 | |a Afganistan |
| 100 | 1 | |a Čech, Ľubomír, 1955- | |
| 700 | 1 | |a Kazanský, Rastislav | |
| 700 | 1 | |a Kurucz, Milan, 1954- | |
| 710 | 2 | |a Ekonomická univerzita v Bratislave. Fakulta medzinárodných vzťahov | |